Logo

OPEN PUBLIC ACCESS CATALOGUE

Introduction to Compiler Design (Record no. 28)

MARC details
000 -LEADER
fixed length control field 00301nam a2200145Ia 4500
005 - DATE AND TIME OF LATEST TRANSACTION
control field 20260513122050.0
020 ## - INTERNATIONAL STANDARD BOOK NUMBER
International Standard Book Number 9783031464591
100 ## - MAIN ENTRY--PERSONAL NAME
Personal name Mogensen
245 ## - TITLE STATEMENT
Title Introduction to Compiler Design
260 ## - PUBLICATION, DISTRIBUTION, ETC.
Name of publisher, distributor, etc. Springer
365 ## - TRADE PRICE
Currency code
365 ## - TRADE PRICE
Price amount 28.00
942 ## - ADDED ENTRY ELEMENTS (KOHA)
Koha item type Book
Holdings
Withdrawn status Lost status Damaged status Not for loan Home library Current library Date acquired Cost, normal purchase price Inventory number Total checkouts Barcode Date last seen Cost, replacement price Price effective from Koha item type
        University of New South Wales University of New South Wales 05/08/2026 49.99 16698   000160 05/13/2026 49.99 05/13/2026 Book